20 Jahre Asylkompromiss : Bilanz und Perspektiven /

Saved in:
Bibliographic Details
Other Authors: Luft, Stefan, (Editor), Schimany, Peter, (Editor)
Format: Book
Language:German
Published: Bielefeld : Transcript, [2014]
Series:Edition Politik ; Bd. 16.
Subjects:
Tags: Add Tag
No Tags, Be the first to tag this record!
LEADER 01430nam a2200433Ii 4500
001 014220080-8
005 20141209231348.0
008 141119s2014 gw a b 000 0 ger d
020 |a 9783837624878 (pbk.) 
020 |z 9783839424872 (online) 
035 0 |a ocn894197461 
035 |a (MARCnow)har140196760 
040 |a NyNyMAR  |b eng  |e rda  |c NyNyMAR 
043 |a e-gx--- 
050 0 0 |a KK5202  |b .Z83 2014 
090 |a JV8033  |b .A138 2014 
245 0 0 |a 20 Jahre Asylkompromiss :  |b Bilanz und Perspektiven /  |c Stefan Luft, Peter Schimany (Hg.). 
246 3 |a Zwanzig Jahre Asylkompromiss 
246 1 3 |a Zwanzig Jahre Asylkompromiss 
264 1 |a Bielefeld :  |b Transcript,  |c [2014] 
300 |a 328 pages :  |b illustrations ;  |c 23 cm. 
336 |a text  |2 rdacontent 
337 |a unmediated  |2 rdamedia 
338 |a volume  |2 rdacarrier 
490 1 |a Edition Politik ;  |v Bd. 16 
500 |a Cycle of lectures. 
504 |a Includes bibliographical references. 
651 0 |a Germany  |x Emigration and immigration  |x Government policy. 
651 0 |a Germany  |x Social policy. 
650 0 |a Asylum, Right of  |z Germany. 
650 0 |a Refugees  |x Legal status, laws, etc.  |z Germany. 
700 1 |a Luft, Stefan,  |e editor. 
700 1 |a Schimany, Peter,  |e editor. 
776 0 |z 9783839424872 (online) 
776 0 |w (GyWOH)har145012927 
830 0 |a Edition Politik ;  |v Bd. 16. 
899 |a 415_565122 
988 |a 20141031 
906 |0 VEN